| 000 | 00684nam a2200181Ia 4500 | ||
|---|---|---|---|
| 008 | 151202s9999||||xx |||||||||||||| ||und|| | ||
| 082 | _bPNVM-74789 | ||
| 100 | _aवडनेरकर प्रीती. | ||
| 245 | _aगृहिणींचे ताण तणाव. | ||
| 260 | _b"इंद्रायणी साहित्य प्रकाशन,पुणे." | ||
| 260 | _c74789 | ||
| 300 | _a118 | ||
| 600 | _aवडनेरकर प्रीती. | ||
| 630 | _aगृहिणींचे ताण तणाव. | ||
| 700 | _aवडनेरकर प्रीती. | ||
| 730 | _aगृहिणींचे ताण तणाव. | ||
| 942 | _cBOOK | ||
| 999 |
_c1341449 _d1341446 |
||